| 000 | 01100nmm a2200337 a 4500 | ||
|---|---|---|---|
| 001 | ocm0001917026 | ||
| 003 | TR-IsHL | ||
| 005 | 20201028172932.0 | ||
| 008 | 180716s2017 tu tur | ||
| 007 | cr cn | ||
| 020 | _a9786052015469 | ||
| 035 |
_a1917026 _b(N$T) |
||
| 050 | 0 | 4 |
_aLB2806 _b.I85 2017 |
| 090 | 0 | 4 |
_aLB2806 _b.I85 2017 |
| 100 | 1 | _aIşıktaş, Serdal | |
| 245 | 1 | 0 |
_aEğitimde toplam kalite yönetimi uygulamaları _h[electronic resource] / _cSerdal Işıktaş |
| 250 | _aBirinci basım | ||
| 260 |
_aİstanbul : _bHiperlink Yayınları, _c2017 |
||
| 300 | _a416 p. | ||
| 500 |
_aKaynakça var. _x |
||
| 650 | 4 | _aEğitim | |
| 650 | 4 | _aEducation | |
| 650 | 0 | _aEğitimde toplam kalite yönetimi | |
| 650 | 0 | _aTotal quality management in education | |
| 650 | 0 | _aEğitim yönetimi | |
| 650 | 0 | _aEducation management | |
| 650 | 0 | _aOkul yönetim ve organizasyonu | |
| 650 | 0 | _aSchool management and organization | |
| 650 | 7 |
_aEDUCATION / General _2bisacsh |
|
| 856 | 4 | 0 | _uhttp://search.ebscohost.com/login.aspx?direct=true&scope=site&db=e011xww&AN=1917026 |
| 999 |
_c17450 _d17450 |
||